Shakespeare in Three Panels Part II Quiz Stats

 Plays Quiz not verified by Sporcle

Score 0/19 Timer 08:00
0 Plays Today
% Correct
Henry VIII
91.2%
The Taming of the Shrew
78.6%
Antony and Cleopatra
72%
The Merry Wives of Windsor
55.4%
Henry IV (Part I)
53.4%
Henry IV (Part II)
51.9%
Troilus and Cressida
50.5%
Timon of Athens
48.6%
King John
46.3%
Coriolanus
44.6%
% Correct
Love's Labour's Lost
43.3%
All's Well That Ends Well
42.2%
Measure for Measure
35.5%
The Two Gentlemen of Verona
29.3%
Henry VI (Part III)
29.1%
Cymbeline
28.3%
Pericles, Prince of Tyre
24.3%
Henry VI (Part II)
20.5%
The Two Noble Kinsmen
19.6%

You're not logged in!

Compare scores with friends on all Sporcle quizzes.
OR
Log In

Sporcle TV

Today on Sporcle TV


Watch our educational content, quiz creation guides, and fun videos on Sporcle TV.

Show Comments

Extras

Top Quizzes Today


Score Distribution

Your Account Isn't Verified!

In order to create a playlist on Sporcle, you need to verify the email address you used during registration. Go to your Sporcle Settings to finish the process.

Report this User

Report this user for behavior that violates our Community Guidelines.

Details: